TOP 15 Feel welcome - Statistics

General Stats
  • This quiz has been taken 9 times
  • The average score is 11 of 15
Answer Stats
Top (tip) Country % Correct
2. (Americas) Mexico
100%
13. (Americas) Canada
89%
15. (Middle East) UAE
89%
11. (Asia) Indonesia
78%
1. (Middle East) Oman
78%
14. (Asia) Philippines
78%
12. (Europe) Spain
78%
5. (Asia) Vietnam
78%
7. (Middle East) Bahrain
67%
6. (Americas) Colombia
67%
10. (Middle East) Israel
67%
9. (Africa) Morocco
67%
8. (Americas) Costa Rica
56%
3. (Europe) Portugal
56%
4. (Asia) Taiwan
56%
No matching quizzes found
Score Distribution
Percent of People with Each Score
Percentile by Number Answered
Your Score History
You have not taken this quiz